Complete the Titles of Songs by Billy Joel - Statistics

General Stats
  • This quiz has been taken 332 times
  • The average score is 13 of 15
Answer Stats
Answer % Correct
Piano {Man}
100%
Just The Way You {Are}
99%
Uptown {Girl}
99%
We Didn’t Start The {Fire}
99%
It's Still Rock and Roll to {Me}
98%
She’s Always A Woman To {Me}
98%
Tell Her About {It}
92%
An Innocent {Man}
91%
Movin' Out (Anthony's {Song})
90%
The Longest {Time}
87%
You May Be {Right}
87%
The River Of {Dreams}
80%
My {Life}
77%
Don't Ask Me {Why}
76%
You're Only Human (Second {Wind})
44%
No matching quizzes found
Score Distribution
Percent of People with Each Score
Percentile by Number Answered
Your Score History
You have not taken this quiz